Loading...
| Science - Biology | 2 | 5 | 1 | 0 | 75 | 38 | 63.71 | 1 | 7 |
| Science - Chemistry | 3 | 3 | 1 | 1 | 70 | 33 | 63.50 | 1 | 6 |
| Science - Other Science | 3 | 3 | 1 | 0 | 70 | 45 | 74.83 | 1 | 5 |
| Science - Physics | 2 | 3 | 1 | 1 | 55 | 25 | 63.80 | 3 | 4 |
| Geography | 2 | 0 | 0 | 0 | 30 | 59 | 71.50 | 1 | 2 |
| Social Science | 1 | 1 | 0 | 1 | 25 | 71 | 75.00 | 1 | 2 |
| History - Other History | 0 | 2 | 0 | 1 | 20 | 94 | 108.50 | 0 | 0 |
| Fine Arts - Auditory Fine Arts | 1 | 1 | 1 | 0 | 20 | 86 | 90.50 | 0 | 1 |
| History - American History | 0 | 2 | 0 | 0 | 20 | 120 | 121.50 | 0 | 0 |
| Literature - American Literature | 1 | 0 | 0 | 0 | 15 | 75 | 75.00 | 0 | 0 |
| Literature - European Literature | 0 | 1 | 0 | 0 | 10 | 98 | 98.00 | 0 | 0 |
| Literature - British Literature | 0 | 1 | 0 | 1 | 10 | 128 | 128.00 | 0 | 0 |
| Current Events | 0 | 1 | 0 | 0 | 10 | 101 | 101.00 | 1 | 1 |
| Literature - World Literature | 0 | 1 | 0 | 1 | 10 | 147 | 147.00 | 0 | 1 |
| Religion | 0 | 1 | 0 | 1 | 10 | 119 | 119.00 | 0 | 0 |